[Event "BUL-chT rapid 70th"]
[Site "Primorsko"]
[Date "2020.09.08"]
[Round "7.2"]
[White "Stoyanov, Georgi Kr"]
[Black "Nikolov, Momchil"]
[Result "0-1"]
[WhiteElo "1068"]
[BlackElo "2549"]
[PlyCount "54"]
[EventDate "2020.09.08"]
[EventType "team-tourn (rapid)"]
[EventRounds "7"]
[EventCountry "BUL"]
[SourceTitle "CBM 198 Extra"]
[Source "ChessBase"]
[SourceDate "2020.11.30"]
[SourceVersion "1"]
[SourceVersionDate "2020.11.30"]
[SourceQuality "1"]
[WhiteTeam "Beloslav Gebedzhe"]
[BlackTeam "Razgrad Abritus"]
[WhiteTeamCountry "BUL"]
[BlackTeamCountry "BUL"]

1. d4 Nf6 2. Nf3 c5 3. e3 d5 4. Bb5+ Nc6 5. 0-0 Qb6 6. Bxc6+ Qxc6 7. Ne5 Qc7 8. Nd2 e6 9. b3 cxd4 10. exd4 Qc3 11. Rb1 Qxd4 12. Ndf3 Qxd1 13. Rxd1 Ne4 14. Bb2 f6 15. Nd3 e5 16. Nd2 Bf5 17. Rbc1 Rc8 18. c4 Nxd2 19. Rxd2 dxc4 20. Rxc4 Rxc4 21. bxc4 Be7 22. h3 Kf7 23. g4 Be4 24. Bc3 h5 25. Kf1 hxg4 26. hxg4 Bf3 27. Bb4 Rh1# 0-1